Menjadi usahawan

Bibliographic Details
Main Author: Zafir Mohd Makhbul
Corporate Author: Title
Other Authors: Fazilah Mohamad Hasun
Format: Book
Published: Pahang : PTS Professional Publishing , 2006
Series:Bisnes & pengurusan
Subjects:

MARC

LEADER 00000cam a2200000 7i4500
001 0000012838
005 20080317.0
008 080103
020 |a 9833376975 
090 0 0 |a 338.04   |b ZAF 
100 0 |a Zafir Mohd Makhbul 
245 1 0 |a Menjadi usahawan   |c Zafir Mohd Makhbul & Fazilah Mohamad Hasun 
260 |a Pahang :   |b PTS Professional Publishing ,   |c 2006 
440 |a Bisnes & pengurusan 
650 0 |a Entrepreneurship 
650 0 |a Marketing 
650 0 |a Selling 
700 0 |a Fazilah Mohamad Hasun 
710 0 |a Title 
999 |a 0000924132   |b Book   |c Adult Collection   |e Cawangan Bukit Gambir 
999 |a 0000924134   |b Book   |c Adult Collection   |e Cawangan Bukit Gambir 
999 |a 0000933072   |b Book   |c Adult Collection   |e Cawangan Tangkak 
999 |a 0001010339   |b Book   |c Adult Collection   |e Perbadanan Perpustakaan Awam Johor 
999 |a 0001010340   |b Book   |c Adult Collection   |e Perbadanan Perpustakaan Awam Johor 
999 |a 0001010341   |b Book   |c Adult Collection   |e Cawangan Segamat 
999 |a 0001010342   |b Book   |c Adult Collection   |e Cawangan Segamat 
999 |a 0001010343   |b Book   |c Adult Collection   |e Cawangan AEON Kulaijaya 
999 |a 0001086122   |b Book   |c Adult Collection   |e Cawangan Pontian 
999 |a 0001086123   |b Book   |c Adult Collection   |e Cawangan Kota Tinggi